Learning Resource and Development

Mastering linux device driver development : (Record no. 28351)

MARC details
000 -LEADER
fixed length control field 01923nam a2200289 i 4500
003 - CONTROL NUMBER IDENTIFIER
control field CSPC
005 - DATE AND TIME OF LATEST TRANSACTION
control field 20241206110115.0
008 - FIXED-LENGTH DATA ELEMENTS--GENERAL INFORMATION
fixed length control field 241008s2020 -uka b 001 0 eng d
020 ## - INTERNATIONAL STANDARD BOOK NUMBER
International Standard Book Number 9781789342048
040 ## - CATALOGING SOURCE
Transcribing agency CSPC
Original cataloging agency CSPC
Language of cataloging eng
Description conventions rda
082 04 - DEWEY DECIMAL CLASSIFICATION NUMBER
Classification number 005.432
Item number M265m
Edition number 23
100 1# - MAIN ENTRY--PERSONAL NAME
Personal name Madieu, John,
Relator term author.
245 10 - TITLE STATEMENT
Title Mastering linux device driver development :
Remainder of title write custom device drivers to support computer peripherals in linux operating systems /
Statement of responsibility, etc. John Madieu.
264 #1 - PRODUCTION, PUBLICATION, DISTRIBUTION, MANUFACTURE, AND COPYRIGHT NOTICE
Place of production, publication, distribution, manufacture Birmingham, UK :
Name of producer, publisher, distributor, manufacturer Packt Publishing Ltd.,
Date of production, publication, distribution, manufacture, or copyright notice 2020.
300 ## - PHYSICAL DESCRIPTION
Extent xi, 626 pages :
Other physical details illustrations ;
Dimensions 24 cm.
336 ## - CONTENT TYPE
Content type term text
Source rdacontent
337 ## - MEDIA TYPE
Media type term unmediated
Source rdamedia
338 ## - CARRIER TYPE
Carrier type term volume
Source rdacarrier
500 ## - GENERAL NOTE
General note Includes index.
505 0# - FORMATTED CONTENTS NOTE
Formatted contents note Kernel core frameworks for embedded device driver development -- Linux kernel concepts for embedded developers -- Leveraging the Regmap API and simplifying the code -- Delving into the MFD subsystem and syscon API -- Storming the common clock framework -- Multimedia and power saving in embedded Linux systems -- ALSA SoC framework - Leveraging codec and platform class drivers -- ALSA SoC framework - delving into the machine class drivers -- Demystifying V4L2 and video capture device drivers -- Integrating with V4L2 Async and media controller frameworks -- Leveraging the V4L2 API from the user space -- Linux kernel power management -- Staying up to date with other Linux kernel subsystems -- Writing PCI device drivers -- Leveraging the NVMEM framework -- Watchdog device drivers -- Linux kernel debugging tips and best practices.
650 #0 - SUBJECT ADDED ENTRY--TOPICAL TERM
Topical term or geographic name entry element Linux.
650 #0 - SUBJECT ADDED ENTRY--TOPICAL TERM
Topical term or geographic name entry element Device drivers (Computer programs).
650 #0 - SUBJECT ADDED ENTRY--TOPICAL TERM
Topical term or geographic name entry element Computer peripherals
Form subdivision Programming.
650 #0 - SUBJECT ADDED ENTRY--TOPICAL TERM
Topical term or geographic name entry element Operating systems (Computers).
942 ## - ADDED ENTRY ELEMENTS (KOHA)
Source of classification or shelving scheme Dewey Decimal Classification
Suppress in OPAC No
Koha item type Books
Edition 23
Classification part 005.432
Item part M265m
Call number prefix GRD
Call number suffix 2020
Holdings
Withdrawn status Lost status Source of classification or shelving scheme Damaged status Not for loan Home library Current library Shelving location Date acquired Total Checkouts Full call number Barcode Date last seen Copy number Price effective from Koha item type
    Dewey Decimal Classification     Main Library Main Library Graduate School Library 10/08/2024   GRD 005.432 M265m 2020 028378 10/08/2024 1-2 10/08/2024 Books
    Dewey Decimal Classification     Main Library Main Library Graduate School Library 12/05/2024   GRD 005.432 M265m 2020 028652 12/05/2024 2-2 12/05/2024 Books